00732nam a2200229Ia 4500003000400000005001700004008004100021040000700062082001700069100002400086245005700110250000600167260004500173300001800218365001300236650001600249650002800265906006400293942001200357999001900369952011400388OSt20230610112106.0210423s1993 xx 000 0 und d cAL a340 KUMO223 aKUMAR (H L)9123128 aChecklist obligations of employers under labour laws a3 aBombaybUniversal Law Publicationsc1993 axxiii,370bPB b195cINR aLaw9123129 aSocial Sciences9123130 aChecklist ; employers ; labour ; laws ; obligations ; under 2ddccBK c174167d174167 001040708MSWaSACPGbSACPGd2005-11-28g195.00l0o340 KUMOpPG020835r2022-08-24 00:00:00w2021-04-26yBK